History Quiz

Random History or Clickable Quiz

Find Yet Even More Surreal Paintings Quiz Stats

 Plays Quiz not verified by Sporcle

Score 0/11 Timer 04:00
0 Plays Today
% Correct
The Wounded Deer - Kahlo
95.9%
Matador - Picasso
90.4%
The Entombment III - Delvaux
87.6%
Little Machine... - Ernst
84.6%
Apparition of Face and Fruit Dish on a Beach
- Salvador Dalí
81.6%
The Enigma of the Hour - de Chirico
79.1%
Landscape (The Hare) - Miró
76.7%
Allegory of Winter - Varo
65.8%
The Portrait - Magritte
62.1%
Comic Wedlock - Picabia
59%
Mama, Papa is Wounded!
- Tanguy
48.3%

You're not logged in!

Compare scores with friends on all Sporcle quizzes.
OR
Log In

You Might Also Like...

Show Comments

Extras

Top Quizzes Today


Score Distribution

Your Account Isn't Verified!

In order to create a playlist on Sporcle, you need to verify the email address you used during registration. Go to your Sporcle Settings to finish the process.

Report this User

Report this user for behavior that violates our Community Guidelines.

Details: